Statistiken für Flaggen, die am meisten Weiß beinhalten

Klicken Sie hier um das Quiz zu spielen!

Allgemein

  • Dieses Quiz wurde 188 mal gespielt
  • Das Durchschnittsergebnis liegt bei 14 aus 15

Antwortstatistiken

Answer % Korrekt
Griechenland
100%
Finnland
100%
Israel
100%
Japan
100%
Südkorea
100%
Zypern
99%
Polen
98%
Georgien
96%
Malta
95%
Uruguay
93%
Panama
91%
Algerien
88%
Monaco
88%
Indonesien
83%
Singapur
80%

Verteilung der Resultate

Perzentil nach korrekt beantworteten Fragen

Anzahl Personen mit jedem Resultat

Ihre Resultats-Entwicklung

Sie haben dieses Quiz noch nicht gespielt